Países que nunca han participado en Miss Universo - Estadísticas

Estadísticas generales
  • Esta prueba ha sido intentada 306 veces
  • La puntuación promedio es 31 de 68
Estadísticas de respuestas
Pais % Correcto
Afganistán
71%
Yemen
66%
Arabia Saudita
62%
Oman
61%
Catar
60%
Andorra
58%
Ciudad del Vaticano
57%
Samoa
55%
Siria
55%
Sudán
55%
Tonga
55%
Yibuti
55%
Baréin
54%
Emiratos Árabes Unidos
54%
Pakistan
54%
Tuvalu
54%
Vanuatu
54%
Brunei
53%
Bután
53%
Islas Salomón
53%
Kuwait
53%
Nauru
53%
Guinea
51%
República del Congo
51%
Islas Marshall
50%
Niger
50%
Palaos
50%
Eritrea
49%
Argelia
48%
Chad
48%
Libia
48%
Somalia
48%
Sudán del Sur
48%
Turkmenistan
48%
Kiribati
47%
Mali
47%
San Marino
47%
Uzbekistán
47%
Tayikistán
46%
Burundi
45%
Comoras
45%
Liechtenstein
43%
Ruanda
43%
Togo
42%
Azerbaiyán
41%
Mauritania
41%
Monaco
41%
Guinea-Bissau
40%
Santo Tomé y Príncipe
40%
Cabo Verde
39%
San Vicente y las Granadinas
39%
Benin
38%
Burkina Faso
38%
Banglades
37%
Guinea Ecuatorial
37%
Uganda
37%
Maldivas
36%
Timor Oriental
36%
Malaui
35%
Bielorrusia
32%
República Centroafricana
30%
Mozambique
29%
Camerún
28%
Moldavia
26%
Botsuana
25%
Macedonia del Norte
23%
Bosnia y Herzegovina
20%
Estonia
16%
No se encontraron pruebas coincidentes
Distribución de puntuación
Porcentaje de gente con cada puntuación
Porcentaje por número respondido
Historial de tus puntuaciones
No has intentado esta prueba.